000 00901nam a2200265Ia 4500
003 OSt
005 20221005105035.0
006 a|||||r|||| 00| 0
007 ta
008 221004b |||||||| |||| 00| 0 hin d
020 _c150
024 _a96688
037 _b571, 23/03/2009, Vani Prakashan
_cTextual
040 _aCRL
_cCRL
_bhin
041 _2hin
_ahin
082 _aY15-73(Q7)w, 152N8
100 _aज़हूर बख़्श
245 0 _aमुस्लिम महिला रत्न
246 _aMuslim mahilā ratna
260 _aदिल्ली
_bस्वर्ण जयंती भारत
_c1998
300 _a117पृ0
_ccm.
650 _aभारतीय-लोक साहित्य
942 _hY15-73(Q7)w, 152N8
_cTEXL
_2cc
999 _c1014549
_d1014549